<?xml version="1.0" encoding="UTF-8"?>
<collection xmlns="http://www.loc.gov/MARC21/slim">
 <record>
  <leader>00692pamaa2200169   4500</leader>
  <controlfield tag="001">0000019436</controlfield>
  <controlfield tag="005">20070104090000.0</controlfield>
  <datafield tag="020" ind1="0" ind2="0">
   <subfield code="a">0413717208 </subfield>
  </datafield>
  <datafield tag="090" ind1="0" ind2="0">
   <subfield code="a">PN6175 </subfield>
   <subfield code="b">MAT 1997</subfield>
  </datafield>
  <datafield tag="100" ind1="1" ind2="0">
   <subfield code="a">MATHER </subfield>
  </datafield>
  <datafield tag="245" ind1="1" ind2="0">
   <subfield code="a">Absolutely typical : </subfield>
   <subfield code="b">the best of social stereotypes from the Telegraph magazine  </subfield>
   <subfield code="c">words by Victoria Mather ; pictures by Sue Macartney-Snape ; with a foreword by  Auberon Waugh.</subfield>
  </datafield>
  <datafield tag="260" ind1="0" ind2="0">
   <subfield code="a">London: </subfield>
   <subfield code="b">Methuen, </subfield>
   <subfield code="c">1997.</subfield>
  </datafield>
  <datafield tag="300" ind1=" " ind2=" ">
   <subfield code="a">[96] p.: </subfield>
   <subfield code="b">col. ill.; </subfield>
   <subfield code="c">19cm.</subfield>
  </datafield>
  <datafield tag="500" ind1="0" ind2="0">
   <subfield code="a">aContains material previously issued in the Telegraph magazine section of the Sunday telegraph</subfield>
  </datafield>
  <datafield tag="650" ind1="0" ind2="0">
   <subfield code="a">English wit and humor </subfield>
  </datafield>
  <datafield tag="700" ind1="1" ind2="1">
   <subfield code="a">Macartney-Snape, </subfield>
   <subfield code="h">Sue </subfield>
  </datafield>
  <datafield tag="710" ind1="1" ind2="1">
   <subfield code="a">Sunday telegraph (London, England) </subfield>
  </datafield>
 </record>
</collection>
